MAN'S ENVIRONMENTAL PREDICAMENT AN INTRODUCTION TO HUMAN ECOLOGY IN TROPICAL AFRICA (Record no. 5872)
[ view plain ]
| 000 -LEADER | |
|---|---|
| fixed length control field | 00479nam a22001697a 4500 |
| 003 - CONTROL NUMBER IDENTIFIER | |
| control field | OSt |
| 005 - DATE AND TIME OF LATEST TRANSACTION | |
| control field | 20210922112937.0 |
| 008 - FIXED-LENGTH DATA ELEMENTS--GENERAL INFORMATION | |
| fixed length control field | 210922b |||||||| |||| 00| 0 eng d |
| 020 ## - INTERNATIONAL STANDARD BOOK NUMBER | |
| International Standard Book Number | 0 19 215650 0 |
| 040 ## - CATALOGING SOURCE | |
| Transcribing agency | HAWASSA UNIVERSITY |
| 050 ## - LIBRARY OF CONGRESS CALL NUMBER | |
| Classification number | 333.9/OWE |
| Item number | 4 |
| 082 ## - DEWEY DECIMAL CLASSIFICATION NUMBER | |
| Classification number | 333.9/OWE |
| Item number | 4 |
| 100 ## - MAIN ENTRY--PERSONAL NAME | |
| Personal name | OWEN F.D. |
| Fuller form of name | OWEN F.D. |
| 9 (RLIN) | 6056 |
| 245 ## - TITLE STATEMENT | |
| Title | MAN'S ENVIRONMENTAL PREDICAMENT AN INTRODUCTION TO HUMAN ECOLOGY IN TROPICAL AFRICA |
| 260 ## - PUBLICATION, DISTRIBUTION, ETC. | |
| Place of publication, distribution, etc. | NEW YORK |
| Date of publication, distribution, etc. | 1973 |
| 942 ## - ADDED ENTRY ELEMENTS (KOHA) | |
| Source of classification or shelving scheme | Dewey Decimal Classification |
| Koha item type | Books like text book referance book |
| Suppress in OPAC | No |
| Withdrawn status | Lost status | Source of classification or shelving scheme | Damaged status | Not for loan | Home library | Current library | Date acquired | Total Checkouts | Full call number | Barcode | Date last seen | Copy number | Price effective from | Koha item type |
|---|---|---|---|---|---|---|---|---|---|---|---|---|---|---|
| Dewey Decimal Classification | College of Agriculture Library | College of Agriculture Library | 09/22/2021 | 333.9/OWE | ALIB0002893 | 09/22/2021 | 1 | 09/22/2021 | Books like text book referance book | |||||
| Dewey Decimal Classification | College of Agriculture Library | College of Agriculture Library | 09/22/2021 | 333.9/OWE | ALIB0002894 | 09/22/2021 | 2 | 09/22/2021 | Books like text book referance book | |||||
| Dewey Decimal Classification | College of Agriculture Library | College of Agriculture Library | 09/22/2021 | 333.9/OWE | ALIB0002895 | 09/22/2021 | 3 | 09/22/2021 | Books like text book referance book | |||||
| Dewey Decimal Classification | College of Agriculture Library | College of Agriculture Library | 09/22/2021 | 333.9/OWE | ALIB0002896 | 09/22/2021 | 4 | 09/22/2021 | Books like text book referance book |